000
00289pab a2200109 454500
008
180718b xxu||||| |||| 00| 0 eng d
100
_a
Gopalaswami, T.V.
245
_a
Indian electricity scenario - emerging macro trends
650
_a
Electricity
773
_a
Financial Express
909
_a
23398
999
_c
23398
_d
23398